[Event "C.to Europeo U14 femminile"]
[Site "Fermo ITA"]
[Date "2009.09.01"]
[Round "2"]
[White "Bea, Boglarka"]
[Black "Fuschillo, Maria"]
[Result "1-0"]
[WhiteElo "2055"]
[BlackElo "1422"]
[PlyCount "67"]
[EventDate "2009.08.31"]

1. d4 f5 2. Nf3 Nf6 3. e3 g6 4. Bd3 Bg7 5. O-O O-O 6. b3 d6 7. Bb2 Qe8 8. Nbd2
Bd7 9. c4 Ng4 10. e4 e5 11. d5 f4 12. b4 h6 13. Qe2 g5 14. c5 a6 15. Nb3 Qg6
16. Qc2 Rc8 17. a4 Nf6 18. Nfd2 g4 19. Rfe1 g3 20. Nf1 Nh5 21. f3 Nf6 22. h3
Qh5 23. Qe2 Rf8 24. Nbd2 Bc8 25. Nc4 Rd8 26. Rac1 Bf8 27. cxd6 cxd6 28. Nb6
Nbd7 29. Nxa8 Nh7 30. Nc7 Ndf6 31. Ne6 Re8 32. Bc4 Bxe6 33. dxe6 Ng5 34. e7+
1-0

[Event "C.to Europeo U14 femminile"]
[Site "Fermo ITA"]
[Date "2009.09.01"]
[Round "2"]
[White "Chiarion, Elisa"]
[Black "Samigullina, Diana"]
[Result "1/2-1/2"]
[WhiteElo "1904"]
[BlackElo "2152"]
[PlyCount "117"]
[EventDate "2009.08.31"]

1. e4 c6 2. d4 d5 3. Nd2 dxe4 4. Nxe4 Bf5 5. Ng3 Bg6 6. N1e2 e6 7. Nf4 Bd6 8.
h4 Qc7 9. Ngh5 Bxh5 10. Nxh5 g6 11. Bc4 gxh5 12. Bg5 Ne7 13. Qxh5 Qa5+ 14. c3
Qf5 15. O-O Qg6 16. Qf3 h6 17. Bd3 Nf5 18. g4 hxg5 19. gxf5 Qh5 20. Qxh5 Rxh5
21. fxe6 Rxh4 22. exf7+ Kxf7 23. Rfe1 Nd7 24. Bc4+ Kg7 25. Re6 Rh6 26. Rae1
Rxe6 27. Rxe6 Bf8 28. Bd3 Nf6 29. Re5 g4 30. Rg5+ Kf7 31. Be2 Be7 32. Bc4+ Ke8
33. Be6 Rd8 34. Kg2 Rd6 35. Bxg4 Nxg4 36. Rxg4 Kd7 37. Kf3 Re6 38. Re4 Rxe4 39.
Kxe4 Ke6 40. c4 Bf6 41. b3 Kd6 42. f3 Ke6 43. a3 Be7 44. a4 Bf8 45. Kf4 a5 46.
Ke4 Bg7 47. f4 Bf8 48. d5+ cxd5+ 49. cxd5+ Kf6 50. Kd4 Kf5 51. Kc4 b6 52. Kb5
Bc5 53. Kc6 Kxf4 54. d6 Ke4 55. d7 Be7 56. Kxb6 Bd8+ 57. Kb5 Kd5 58. b4 axb4
59. Kxb4 1/2-1/2

[Event "C.to Europeo U14 femminile"]
[Site "Fermo ITA"]
[Date "2009.09.01"]
[Round "2"]
[White "Gaboyan, Susanna"]
[Black "Guerini, Sara"]
[Result "1-0"]
[WhiteElo "1788"]
[BlackElo "1530"]
[PlyCount "79"]
[EventDate "2009.08.31"]

1. e4 e5 2. Nf3 Nc6 3. Bb5 a6 4. Ba4 Nf6 5. O-O Be7 6. Re1 b5 7. Bb3 O-O 8. c3
d5 9. exd5 Nxd5 10. Nxe5 Nxe5 11. Rxe5 c6 12. d4 Bd6 13. Re1 Qh4 14. g3 Qh3 15.
Qf3 Bg4 16. Qg2 Qh5 17. Be3 Bf3 18. Qf1 Nf4 19. Bxf4 Bxf4 20. Bd1 Bd6 21. Bxf3
Qxf3 22. Nd2 Qh5 23. Ne4 Rad8 24. a4 f5 25. Nxd6 Rxd6 26. axb5 axb5 27. Re5 Rh6
28. Qg2 Qf7 29. f4 g5 30. fxg5 Rg6 31. Rae1 Rxg5 32. Re7 Qh5 33. Qxc6 f4 34.
Re8 fxg3 35. Rxf8+ Kxf8 36. Qd6+ Kg7 37. Re7+ Kh8 38. Qf6+ Kg8 39. Re8+ Qxe8
40. Qxg5+ 1-0

[Event "C.to Europeo U14 femminile"]
[Site "Fermo ITA"]
[Date "2009.09.01"]
[Round "2"]
[White "Galunova, Tsveta"]
[Black "Bengtsson, Jessica"]
[Result "1-0"]
[WhiteElo "1921"]
[BlackElo "1730"]
[PlyCount "71"]
[EventDate "2009.08.31"]

1. e4 e5 2. Nf3 Nc6 3. Bc4 Bc5 4. O-O Nf6 5. d3 d6 6. c3 a6 7. Nbd2 O-O 8. Bb3
Ba7 9. Nc4 h6 10. Ne3 Ne7 11. Nh4 Be6 12. Qf3 Qd7 13. h3 Rfe8 14. g4 d5 15.
Nef5 Bxf5 16. gxf5 dxe4 17. dxe4 Qc6 18. Ng6 Qxe4 19. Qxe4 Nxe4 20. Nxe5 Nd6
21. f6 Nef5 22. Bf4 g5 23. Bh2 Nh4 24. Kh1 Rf8 25. Rae1 Rad8 26. f4 Kh8 27.
fxg5 hxg5 28. Bg1 Bb8 29. Bc5 Nhf5 30. Rg1 Rg8 31. Nxf7+ Nxf7 32. Bxf7 c6 33.
Bxg8 Rd2 34. Rg2 Ng3+ 35. Rxg3 Bxg3 36. f7 1-0

[Event "C.to Europeo U14 femminile"]
[Site "Fermo ITA"]
[Date "2009.09.01"]
[Round "2"]
[White "Kabai, Zsuzsanna"]
[Black "Ivekovic, Tihana"]
[Result "1/2-1/2"]
[WhiteElo "2062"]
[BlackElo "1806"]
[PlyCount "76"]
[EventDate "2009.08.31"]

1. d4 Nf6 2. Nf3 e6 3. g3 b6 4. Bg2 Bb7 5. c4 Bb4+ 6. Bd2 a5 7. O-O O-O 8. Nc3
Qe7 9. Rc1 d6 10. Bg5 Bxc3 11. Rxc3 h6 12. Bxf6 Qxf6 13. Re1 Be4 14. Nh4 Bxg2
15. Kxg2 Nd7 16. e4 Qe7 17. f4 Rab8 18. b3 Rfd8 19. f5 e5 20. d5 Nc5 21. Nf3 b5
22. g4 b4 23. Rce3 Kf8 24. h4 Ke8 25. g5 Kd7 26. Rg1 h5 27. Nd2 g6 28. fxg6
fxg6 29. Qf3 Qg7 30. Qh3+ Ke7 31. Rf1 Rf8 32. Ref3 Rxf3 33. Rxf3 Rf8 34. Rxf8
Qxf8 35. Qe3 Kd8 36. Nf3 Kc8 37. Ne1 Kd8 38. Nf3 Kc8 1/2-1/2

[Event "C.to Europeo U14 femminile"]
[Site "Fermo ITA"]
[Date "2009.09.01"]
[Round "2"]
[White "Kobeshavidze, Lika"]
[Black "Ziaziulkina, Nastassia"]
[Result "0-1"]
[WhiteElo "1900"]
[BlackElo "2101"]
[PlyCount "78"]
[EventDate "2009.08.31"]

1. e4 c5 2. Nc3 Nc6 3. g3 g6 4. Bg2 Bg7 5. Nge2 e6 6. O-O d6 7. d3 Rb8 8. Be3
Nd4 9. f4 Ne7 10. Qd2 b5 11. Nd1 b4 12. Bf2 O-O 13. c3 Nxe2+ 14. Qxe2 bxc3 15.
bxc3 Ba6 16. Qc2 Qa5 17. a4 Qb6 18. g4 Qb3 19. Qd2 f5 20. e5 Qb6 21. a5 Qc7 22.
Qa2 Qd7 23. exd6 Qxd6 24. Re1 Bc8 25. Qc4 fxg4 26. Bxc5 Qd7 27. Nf2 Rf5 28.
Nxg4 Nd5 29. Ne5 Bxe5 30. fxe5 Nf4 31. Be4 Rg5+ 32. Kh1 Bb7 33. Be3 Rg4 34. Rg1
Rxg1+ 35. Rxg1 Nxd3 36. Rg5 Rc8 37. a6 Rxc4 38. axb7 Qb5 39. Bxa7 Nf2+ 0-1

[Event "C.to Europeo U14 femminile"]
[Site "Fermo ITA"]
[Date "2009.09.01"]
[Round "2"]
[White "Lezhepekova, Veronika"]
[Black "Horvath, Ilona Klara"]
[Result "1-0"]
[WhiteElo "2118"]
[BlackElo "1746"]
[PlyCount "81"]
[EventDate "2009.08.31"]

1. d4 d5 2. c4 c6 3. Nc3 dxc4 4. e4 Nf6 5. a4 e6 6. Bxc4 Bb4 7. Qd3 b6 8. Nge2
Bb7 9. O-O Nbd7 10. e5 Nd5 11. Qg3 Qc7 12. Bxd5 exd5 13. Bf4 Qd8 14. Qxg7 Rf8
15. Qxh7 Qe7 16. Bh6 O-O-O 17. Bxf8 Rxf8 18. Rac1 c5 19. Nb5 Kb8 20. f4 cxd4
21. Nbxd4 Bc5 22. Kh1 Qd8 23. Rf3 Ka8 24. Rg3 Bxd4 25. Nxd4 Nc5 26. Rg7 Rh8 27.
Qf5 Ne4 28. Nf3 Rf8 29. Rxf7 Rxf7 30. Qxf7 d4 31. Rc7 Nc5 32. b4 d3 33. bxc5 d2
34. Nxd2 Bxg2+ 35. Kxg2 Qxd2+ 36. Kf3 Qd1+ 37. Ke4 Qc2+ 38. Kd5 Qd3+ 39. Ke6
Qc4+ 40. Kd6 Qxa4 41. Qg8+ 1-0

[Event "C.to Europeo U14 femminile"]
[Site "Fermo ITA"]
[Date "2009.09.01"]
[Round "2"]
[White "Mrazova, Monika"]
[Black "Imnadze, Nato"]
[Result "0-1"]
[WhiteElo "1805"]
[BlackElo "1906"]
[PlyCount "58"]
[EventDate "2009.08.31"]

1. e4 e5 2. Nf3 d6 3. d4 Nf6 4. Nc3 Nbd7 5. Bc4 Be7 6. O-O O-O 7. Bg5 c6 8. Qe2
b5 9. Bb3 a6 10. d5 Bb7 11. dxc6 Bxc6 12. Bxf6 Nxf6 13. Rfd1 Qc7 14. a4 b4 15.
Nd5 Nxd5 16. Bxd5 Rac8 17. Ne1 a5 18. b3 Bd7 19. Ra2 Kh8 20. Rd3 f5 21. exf5
Rxf5 22. Be4 Rf6 23. Nf3 Rcf8 24. c3 Bc6 25. cxb4 Bxe4 26. Qxe4 Rf4 27. Qd5 e4
28. Rd1 exf3 29. g3 Qd7 0-1

[Event "C.to Europeo U14 femminile"]
[Site "Fermo ITA"]
[Date "2009.09.02"]
[Round "3"]
[White "Aranaz Murillo, Amalia"]
[Black "Galunova, Tsveta"]
[Result "1/2-1/2"]
[WhiteElo "2061"]
[BlackElo "1921"]
[PlyCount "102"]
[EventDate "2009.08.31"]

1. Nf3 Nf6 2. c4 c6 3. d4 d5 4. Qc2 g6 5. e3 Bg7 6. Bd3 O-O 7. O-O Na6 8. a3
dxc4 9. Bxc4 Bf5 10. Qe2 b5 11. Ba2 Qb6 12. b4 Ne4 13. Bb2 Nc7 14. Nbd2 a5 15.
Nxe4 Bxe4 16. Bc3 axb4 17. Bxb4 Nd5 18. Bxd5 Bxd5 19. Bxe7 Bc4 20. Qc2 Bxf1 21.
Bxf8 Bxf8 22. Kxf1 Rxa3 23. Rxa3 Bxa3 24. Ne5 b4 25. Qb3 Qb5+ 26. Ke1 Qb7 27.
f3 Kg7 28. Nd3 Qe7 29. Ke2 Qd6 30. Ne5 Qc7 31. Qc4 f6 32. Qxc6 Qe7 33. Qd7 b3
34. Qxe7+ Bxe7 35. Nc4 Bb4 36. Nd2 b2 37. Nb1 f5 38. Kd1 Bd6 39. g3 h5 40. e4
fxe4 41. fxe4 Kh6 42. Ke2 Bc7 43. Ke3 Kg5 44. Kf3 Bb6 45. h4+ Kf6 46. Ke3 Bc7
47. Kf3 Bb6 48. e5+ Kf5 49. Ke3 Ba5 50. Kf3 Bb6 51. Ke3 Ba5 1/2-1/2

[Event "C.to Europeo U14 femminile"]
[Site "Fermo ITA"]
[Date "2009.09.02"]
[Round "3"]
[White "Guerini, Sara"]
[Black "Matuozzo, Daniela"]
[Result "0-1"]
[WhiteElo "1530"]
[BlackElo "1491"]
[PlyCount "48"]
[EventDate "2009.08.31"]

1. e4 d6 2. d4 Nf6 3. Nc3 g6 4. Bd3 Bg7 5. Nge2 O-O 6. f3 Nbd7 7. Be3 e5 8. Qd2
exd4 9. Nxd4 Re8 10. g4 c5 11. Nde2 Ne5 12. Rf1 c4 13. h4 cxd3 14. cxd3 Nfxg4
15. fxg4 Qxh4+ 16. Kd1 Bxg4 17. Kc2 Bxe2 18. Rh1 Bxd3+ 19. Kb3 Qe7 20. Bh6 Qe6+
21. Nd5 Bxe4 22. Rh2 Bxd5+ 23. Kc2 Rac8+ 24. Kd1 Bf3+ 0-1

[Event "C.to Europeo U14 femminile"]
[Site "Fermo ITA"]
[Date "2009.09.02"]
[Round "3"]
[White "Imnadze, Nato"]
[Black "Lach, Aleksandra"]
[Result "0-1"]
[WhiteElo "1906"]
[BlackElo "2069"]
[PlyCount "106"]
[EventDate "2009.08.31"]

1. e4 c5 2. f4 d5 3. exd5 Nf6 4. Bb5+ Nbd7 5. Nc3 a6 6. Bxd7+ Bxd7 7. d3 Bg4 8.
Nf3 Nxd5 9. h3 Nxc3 10. bxc3 Bc8 11. Be3 e6 12. O-O Be7 13. Nd2 O-O 14. Ne4 b6
15. Rb1 Ra7 16. Rb2 Bb7 17. Qe2 Qc7 18. Qf2 Bxe4 19. dxe4 Qc6 20. Qf3 Rd7 21.
Rfb1 b5 22. Re1 Rfd8 23. Rbb1 h6 24. Rf1 b4 25. f5 exf5 26. Qxf5 Bf8 27. Rf2
Re8 28. Rf4 Rc7 29. Rbf1 bxc3 30. Qg4 Qe6 31. Qf3 Qxa2 32. Rg4 Qe6 33. Qg3 Rd7
34. Qh4 Kh7 35. Qf2 Rc8 36. Rf4 Rcc7 37. h4 a5 38. Qf3 a4 39. g4 Bd6 40. Rf5
Re7 41. Bf4 Bxf4 42. Rxf4 a3 43. g5 a2 44. Qxc3 Ra7 45. Ra1 Reb7 46. Kg2 Rb1
47. Kg3 h5 48. Kg2 Rab7 49. Rf1 Qg4+ 50. Kh1 Qxh4+ 51. Kg1 Qg4+ 52. Kh2 Qe2+
53. Kg1 Qxf1+ 0-1

[Event "C.to Europeo U14 femminile"]
[Site "Fermo ITA"]
[Date "2009.09.02"]
[Round "3"]
[White "Iwanow, Anna"]
[Black "Dalemans, Diana"]
[Result "1-0"]
[WhiteElo "2022"]
[BlackElo "1842"]
[PlyCount "63"]
[EventDate "2009.08.31"]

1. e4 d5 2. exd5 Qxd5 3. Nc3 Qa5 4. d4 c6 5. Nf3 Nf6 6. Bc4 Bf5 7. Bd2 Qc7 8.
Bb3 e6 9. Qe2 Be7 10. O-O-O Nbd7 11. Ne5 h5 12. Rhe1 Nxe5 13. dxe5 Nd7 14. h3
O-O-O 15. g4 hxg4 16. hxg4 Bg6 17. f4 Nc5 18. Bc4 b5 19. Bb3 Nxb3+ 20. axb3 Bc5
21. Rh1 Bd4 22. Qf3 Kb8 23. f5 Bh7 24. Bf4 g6 25. Ne4 gxf5 26. gxf5 Bb6 27.
Rxd8+ Qxd8 28. Bg5 Qd4 29. Nf6 exf5 30. Rd1 Qf2 31. Qxc6 Be3+ 32. Kb1 1-0

[Event "C.to Europeo U14 femminile"]
[Site "Fermo ITA"]
[Date "2009.09.02"]
[Round "3"]
[White "Morea, Georgiana-Steluta"]
[Black "Makarenko, Alexandra"]
[Result "1-0"]
[WhiteElo "1763"]
[BlackElo "1970"]
[PlyCount "152"]
[EventDate "2009.08.31"]

1. c4 Nf6 2. Nc3 e6 3. g3 d5 4. cxd5 exd5 5. Bg2 Bf5 6. Qb3 Nc6 7. Nxd5 Rb8 8.
a3 Bc5 9. Qc4 Nd4 10. d3 Be6 11. Qxc5 Bxd5 12. Bxd5 Qxd5 13. Qxd5 Nxd5 14. Kd1
O-O 15. e4 Nf6 16. b4 Rbd8 17. Rb1 Ng4 18. Be3 Ne5 19. Kd2 Nb5 20. Rb3 Nxa3 21.
Bc5 Rfe8 22. Ke2 Nb5 23. f4 Nc6 24. Nf3 f6 25. Rd1 Kf7 26. g4 Nbd4+ 27. Nxd4
Nxd4+ 28. Bxd4 Rxd4 29. b5 Ra4 30. Ke3 Ke6 31. Rc1 Kd6 32. h4 h6 33. d4 Rc8 34.
Rc5 Kd7 35. Rd5+ Ke7 36. g5 hxg5 37. fxg5 Rc4 38. Ra3 Ra8 39. h5 fxg5 40. Rxg5
Kf7 41. Rd5 Ke6 42. Re5+ Kf6 43. Kd3 Rb4 44. Ra1 Rb3+ 45. Kc4 Rf3 46. Rc5 Re3
47. Rxc7 Rxe4 48. Rf1+ Ke6 49. Rff7 Rh4 50. Rxg7 Rxh5 51. Rge7+ Kf6 52. Rf7+
Kg6 53. Rg7+ Kf6 54. Rcf7+ Ke6 55. Re7+ Kf6 56. Rgf7+ Kg6 57. Rxb7 a5 58. Ra7
Rb8 59. Rfb7 Rd8 60. Rd7 Rc8+ 61. Rdc7 Rd8 62. Rxa5 Rh4 63. Ra6+ Kf5 64. Rc5+
Ke4 65. Re6+ Kf3 66. Rf5+ Kg3 67. Rg6+ Kh3 68. Rd5 Rc8+ 69. Rc6 Rb8 70. b6 Rh7
71. Rdd6 Rhb7 72. Kc5 Kg4 73. Rc7 Kf5 74. Rxb7 Rxb7 75. Kc6 Rb8 76. Kc7 Re8 1-0

[Event "C.to Europeo U14 femminile"]
[Site "Fermo ITA"]
[Date "2009.09.02"]
[Round "3"]
[White "Papathanasiou, Ageliki"]
[Black "Bauer, Valentina"]
[Result "1-0"]
[WhiteElo "1899"]
[BlackElo "1665"]
[PlyCount "51"]
[EventDate "2009.08.31"]

1. d4 Nf6 2. c4 g6 3. Nc3 Bg7 4. e4 d6 5. Nge2 O-O 6. Ng3 e5 7. d5 a5 8. Be2
Na6 9. O-O Ne8 10. Be3 h6 11. Qd2 Kh7 12. Rab1 f5 13. exf5 gxf5 14. f4 e4 15.
Nh5 Bh8 16. Kh1 Nf6 17. Rg1 Rg8 18. Nxf6+ Qxf6 19. g4 fxg4 20. Nxe4 Qf8 21. Bd3
Bf5 22. Ng3 Bxd3 23. Qxd3+ Rg6 24. Rbe1 Bf6 25. Nh5 Bh4 26. Rxg4 1-0

[Event "C.to Europeo U14 femminile"]
[Site "Fermo ITA"]
[Date "2009.09.02"]
[Round "3"]
[White "Rykala, Monika"]
[Black "Durmaz, Ayca Fatma"]
[Result "0-1"]
[WhiteElo "1682"]
[BlackElo "1883"]
[PlyCount "60"]
[EventDate "2009.08.31"]

1. d4 Nf6 2. c4 g6 3. Nc3 Bg7 4. e4 d6 5. Nf3 O-O 6. Be2 e5 7. O-O Nbd7 8. d5
Nc5 9. Qc2 a5 10. b3 Ne8 11. Ne1 f5 12. f3 Nf6 13. a3 Nh5 14. Rb1 a4 15. Nxa4
Nxa4 16. bxa4 Nf4 17. Bd1 b6 18. Nd3 Nxd3 19. Qxd3 Bd7 20. Rb4 Qh4 21. exf5
Bxf5 22. Qe2 e4 23. fxe4 Bd4+ 24. Be3 Qxe4 25. Bf2 Bxf2+ 26. Rxf2 Qd4 27. Qd2
Bd3 28. Bf3 Rae8 29. Rb3 Re2 30. Qxe2 Bxe2 0-1

[Event "C.to Europeo U14 femminile"]
[Site "Fermo ITA"]
[Date "2009.09.02"]
[Round "3"]
[White "Samigullina, Diana"]
[Black "Visanescu, Daria-Ioana"]
[Result "1/2-1/2"]
[WhiteElo "2152"]
[BlackElo "1873"]
[PlyCount "81"]
[EventDate "2009.08.31"]

1. d4 Nf6 2. Nf3 e6 3. e3 b6 4. Bd3 Bb7 5. O-O d5 6. b3 Bd6 7. Bb2 Nbd7 8. Nbd2
O-O 9. Ne5 Ne4 10. Nxd7 Qxd7 11. f3 Nxd2 12. Qxd2 Rae8 13. e4 e5 14. exd5 Bxd5
15. c4 Bc6 16. Qc2 exd4 17. Bxh7+ Kh8 18. Rad1 Re5 19. Bxd4 Rh5 20. Be4 Bxe4
21. Qxe4 f5 22. Qd3 Bxh2+ 23. Kf2 Qe7 24. Rh1 Re8 25. Kf1 Kg8 26. Bf2 Qg5 27.
Qd5+ Kf8 28. Qd2 Qg6 29. g3 Rh7 30. Rxh2 Rxh2 31. Bc5+ bxc5 32. Qxh2 Qe6 33.
Qf2 Qe5 34. f4 Qe7 35. Rd5 Qe4 36. Qxc5+ Kg8 37. Re5 Qb1+ 38. Kg2 Qxa2+ 39. Kh3
Rxe5 40. fxe5 Qe2 41. Qd5+ 1/2-1/2

[Event "C.to Europeo U14 femminile"]
[Site "Fermo ITA"]
[Date "2009.09.02"]
[Round "3"]
[White "Severina, Maria"]
[Black "Stoeri, Laura"]
[Result "1-0"]
[WhiteElo "1981"]
[BlackElo "1807"]
[PlyCount "59"]
[EventDate "2009.08.31"]

1. d4 Nf6 2. Nf3 g6 3. c4 Bg7 4. Nc3 O-O 5. e4 d6 6. Be2 e5 7. O-O Nc6 8. d5
Ne7 9. Ne1 Nd7 10. Nd3 f5 11. f4 exf4 12. Nxf4 Nc5 13. exf5 Nxf5 14. Nd3 Bd4+
15. Kh1 Bxc3 16. bxc3 Qh4 17. Rf4 Ng3+ 18. Kg1 Nxe2+ 19. Qxe2 Rxf4 20. Bxf4
Nxd3 21. g3 Qf6 22. Qxd3 Bf5 23. Qe3 Kf7 24. Re1 Qd8 25. Bg5 Qf8 26. Qe7+ Kg8
27. Qxc7 Rc8 28. Qxb7 Rxc4 29. Bh6 Qf7 30. Re8+ 1-0

[Event "C.to Europeo U14 femminile"]
[Site "Fermo ITA"]
[Date "2009.09.02"]
[Round "3"]
[White "Venkova, Polina"]
[Black "Lezhepekova, Veronika"]
[Result "0-1"]
[WhiteElo "1826"]
[BlackElo "2118"]
[PlyCount "46"]
[EventDate "2009.08.31"]

1. d4 d5 2. c4 e6 3. Nc3 Nf6 4. Nf3 c6 5. Bg5 Nbd7 6. e3 Qa5 7. Qb3 Ne4 8. Bf4
Bb4 9. Rc1 Nb6 10. Ng5 Nxg5 11. Bxg5 dxc4 12. Bxc4 Bxc3+ 13. bxc3 Qxg5 14. O-O
Nxc4 15. Qxc4 O-O 16. Qd3 e5 17. Kh1 exd4 18. cxd4 Be6 19. Rc5 Qg6 20. Qd2 Bd5
21. f3 f5 22. Re1 Rfe8 23. Rc3 Re7 0-1

[Event "C.to Europeo U14 femminile"]
[Site "Fermo ITA"]
[Date "2009.09.02"]
[Round "3"]
[White "Ziaziulkina, Nastassia"]
[Black "Eid, Maha"]
[Result "1-0"]
[WhiteElo "2101"]
[BlackElo "1964"]
[PlyCount "121"]
[EventDate "2009.08.31"]

1. e4 c5 2. Nf3 e6 3. d4 cxd4 4. Nxd4 Nc6 5. Nb5 d6 6. Bf4 e5 7. Be3 a6 8. N5c3
Nf6 9. Nd5 Nxd5 10. exd5 Ne7 11. c4 Nf5 12. Bd2 Be7 13. Be2 O-O 14. O-O Bd7 15.
Nc3 g6 16. Kh1 Ng7 17. Be3 Nf5 18. Bc1 Rc8 19. Bd3 Ng7 20. Be3 Nf5 21. Bc1 Ng7
22. f4 f5 23. Qb3 e4 24. Be2 Qc7 25. Be3 Kh8 26. Bb6 Qb8 27. a4 Bd8 28. Be3 b6
29. Qb4 Ne8 30. Ra3 a5 31. Qb3 Nf6 32. Bd4 Kg8 33. Raa1 Be8 34. Qc2 h5 35. Qd2
Qb7 36. Qe3 Ng4 37. Qg1 Rf7 38. Rab1 Qe7 39. g3 Rh7 40. Bxg4 hxg4 41. b3 Qb7
42. Qe3 Rh3 43. Rf2 Qh7 44. Ne2 Rb8 45. Rg2 Rb7 46. Kg1 Qh6 47. Qf2 Bd7 48. b4
Bxa4 49. bxa5 Bc2 50. Rb4 e3 51. Qxe3 Be4 52. Nc3 Re7 53. Nxe4 Rxe4 54. Qd2
bxa5 55. Rb8 Qf8 56. Re2 Rh7 57. Rxe4 fxe4 58. Qe2 Rd7 59. Qxg4 Qe8 60. Qh3 Rh7
61. Qe6+ 1-0

[Event "C.to Europeo U14 femminile"]
[Site "Fermo ITA"]
[Date "2009.09.03"]
[Round "4"]
[White "Iwanow, Anna"]
[Black "Ziaziulkina, Nastassia"]
[Result "1/2-1/2"]
[WhiteElo "2022"]
[BlackElo "2101"]
[PlyCount "44"]
[EventDate "2009.08.31"]

1. e4 c5 2. Nf3 d6 3. d4 cxd4 4. Nxd4 Nf6 5. Nc3 e6 6. Be3 a6 7. f3 b5 8. Qd2
Nbd7 9. g4 Nb6 10. O-O-O Bb7 11. Qf2 Nfd7 12. Bd3 Rc8 13. Nce2 Na4 14. Kb1 Ne5
15. g5 Qc7 16. Ng3 g6 17. h4 Nc4 18. Bc1 Bg7 19. Nge2 Ne5 20. Ng3 Nc4 21. Nge2
Ne5 22. Ng3 Nc4 1/2-1/2

[Event "C.to Europeo U14 femminile"]
[Site "Fermo ITA"]
[Date "2009.09.03"]
[Round "4"]
[White "Lach, Aleksandra"]
[Black "Severina, Maria"]
[Result "1-0"]
[WhiteElo "2069"]
[BlackElo "1981"]
[PlyCount "113"]
[EventDate "2009.08.31"]

1. d4 Nf6 2. Nf3 e6 3. Bg5 c5 4. Nc3 d5 5. e4 cxd4 6. Qxd4 Be7 7. O-O-O O-O 8.
exd5 Nxd5 9. Bxe7 Qxe7 10. Nxd5 exd5 11. Qxd5 Be6 12. Qd6 Qf6 13. Qe5 Qe7 14.
Nd4 Nc6 15. Nxc6 bxc6 16. Bc4 Rfe8 17. Bxe6 Qxe6 18. Qxe6 Rxe6 19. Rhe1 Rxe1
20. Rxe1 Kf8 21. Kd2 Rd8+ 22. Kc3 Rd5 23. Re4 g5 24. Ra4 Rd7 25. Ra6 Rc7 26.
Kd4 Rd7+ 27. Ke3 Rc7 28. Ke4 Ke7 29. Kf5 f6 30. h3 Kf7 31. g3 Ke7 32. f4 gxf4
33. gxf4 Kf7 34. b3 Ke7 35. c4 Kf7 36. b4 Ke7 37. h4 Rb7 38. Rxc6 Rxb4 39. Rc7+
Kd6 40. Rxa7 h5 41. Kxf6 Rxc4 42. Kg5 Rc2 43. a4 Rg2+ 44. Kxh5 Ke6 45. Ra5 Rg8
46. Rg5 Ra8 47. a5 Kf6 48. Kg4 Ra6 49. h5 Kf7 50. Rb5 Kg7 51. Kg5 Ra7 52. f5
Kh7 53. f6 Rc7 54. a6 Rc1 55. Rb7+ Kg8 56. a7 Ra1 57. Kg6 1-0

[Event "C.to Europeo U14 femminile"]
[Site "Fermo ITA"]
[Date "2009.09.03"]
[Round "4"]
[White "Leks, Maria"]
[Black "Ivekovic, Tihana"]
[Result "1-0"]
[WhiteElo "1899"]
[BlackElo "1806"]
[PlyCount "47"]
[EventDate "2009.08.31"]

1. e4 e5 2. Nf3 Nc6 3. d4 exd4 4. Bc4 Nf6 5. e5 d5 6. Bb5 Ne4 7. Nxd4 Bd7 8.
Bxc6 bxc6 9. O-O Be7 10. f3 Nc5 11. f4 O-O 12. f5 Kh8 13. Nc3 Bg5 14. Rf3 Qe7
15. Qe2 Rfe8 16. Bxg5 Qxg5 17. Raf1 g6 18. b4 Nb7 19. e6 Qf6 20. Qf2 Bc8 21.
fxg6 Qxg6 22. exf7 Rf8 23. Rf6 Qg7 24. Nxc6 1-0

[Event "C.to Europeo U14 femminile"]
[Site "Fermo ITA"]
[Date "2009.09.03"]
[Round "4"]
[White "Lezhepekova, Veronika"]
[Black "Starczewska, Dominika"]
[Result "0-1"]
[WhiteElo "2118"]
[BlackElo "1838"]
[PlyCount "80"]
[EventDate "2009.08.31"]

1. e4 c5 2. Nf3 Nc6 3. d4 cxd4 4. Nxd4 Nf6 5. Nc3 e5 6. Ndb5 d6 7. Bg5 a6 8.
Na3 b5 9. Nd5 Be7 10. Bxf6 Bxf6 11. c3 Ne7 12. c4 Qa5+ 13. Qd2 Qxd2+ 14. Kxd2
Nxd5 15. cxd5 Bg5+ 16. Kd1 O-O 17. h4 Bd8 18. Bd3 Bb6 19. f3 Bd7 20. g4 g6 21.
Rc1 f5 22. gxf5 gxf5 23. Rc2 f4 24. Rg2+ Kf7 25. Nc2 Rg8 26. Rxg8 Rxg8 27. Ne1
Rg3 28. Ke2 Kg6 29. Rh2 Kh5 30. Rg2 Bh3 31. Rh2 Kxh4 32. a4 Rg1 33. axb5 axb5
34. Bxb5 Kg3 35. Rxh3+ Kxh3 36. Be8 Kg3 37. b4 Rh1 38. b5 Ba5 39. Nd3 Rh2+ 40.
Kf1 Kxf3 0-1

[Event "C.to Europeo U14 femminile"]
[Site "Fermo ITA"]
[Date "2009.09.03"]
[Round "4"]
[White "Matuozzo, Daniela"]
[Black "Roy, Ali"]
[Result "1-0"]
[WhiteElo "1491"]
[BlackElo "1762"]
[PlyCount "81"]
[EventDate "2009.08.31"]

1. e4 e6 2. d4 d5 3. e5 c5 4. c3 Nc6 5. Nf3 Qb6 6. Bd3 cxd4 7. cxd4 Bd7 8. Bc2
Nb4 9. O-O Nxc2 10. Qxc2 Rc8 11. Qd1 Ne7 12. Nc3 Nf5 13. Na4 Qc7 14. a3 Be7 15.
Nc3 O-O 16. g4 Nh4 17. Nxh4 Bxh4 18. g5 h6 19. gxh6 g6 20. Qg4 Be7 21. Kh1 Kh7
22. Qf3 f5 23. Rg1 Rg8 24. Bg5 Bxg5 25. Rxg5 Be8 26. Rag1 a6 27. h4 Bf7 28. Rc1
Qe7 29. Rcg1 Kxh6 30. Ne2 Qe8 31. Nf4 b5 32. Qg3 Kh7 33. Qh3 Kh6 34. R1g3 Rc1+
35. Kh2 Rc8 36. Qg2 Rd8 37. h5 Qe7 38. hxg6 Be8 39. Rh3+ Kg7 40. Rh7+ Kf8 41.
Rxe7 1-0

[Event "C.to Europeo U14 femminile"]
[Site "Fermo ITA"]
[Date "2009.09.03"]
[Round "4"]
[White "Rombaldoni, Sharon"]
[Black "Fuschillo, Maria"]
[Result "1-0"]
[WhiteElo "1455"]
[BlackElo "1422"]
[PlyCount "57"]
[EventDate "2009.08.31"]

1. e4 g6 2. Nf3 Bg7 3. d4 d6 4. Nc3 Nf6 5. Bc4 e6 6. Bb3 O-O 7. Bg5 Nbd7 8. e5
dxe5 9. dxe5 Nxe5 10. Nxe5 Qxd1+ 11. Rxd1 Ne8 12. Nf3 h6 13. Be7 Nd6 14. Bxf8
Kxf8 15. O-O Bd7 16. Rfe1 Rb8 17. Ne5 Be8 18. Rd3 b5 19. f4 Rd8 20. Ne4 Ke7 21.
Red1 f5 22. Nf2 c5 23. c4 a6 24. Bc2 bxc4 25. Nxc4 Bb5 26. Rxd6 Rxd6 27. Nxd6
Bd7 28. b3 Bd4 29. Nc4 1-0

[Event "C.to Europeo U14 femminile"]
[Site "Fermo ITA"]
[Date "2009.09.04"]
[Round "5"]
[White "Bea, Boglarka"]
[Black "Chiarion, Elisa"]
[Result "1-0"]
[WhiteElo "2055"]
[BlackElo "1904"]
[PlyCount "87"]
[EventDate "2009.08.31"]

1. e4 c5 2. Nf3 d6 3. d4 cxd4 4. Nxd4 Nf6 5. Nc3 g6 6. g3 Bg7 7. Bg2 O-O 8. h3
Nc6 9. Nde2 Rb8 10. a4 a6 11. O-O b5 12. axb5 axb5 13. Nd5 Nd7 14. c3 b4 15.
Nd4 Nce5 16. Nxb4 Bb7 17. Kh2 Qb6 18. Ndc2 Nc4 19. Ne3 Nde5 20. Qe2 Nxe3 21.
Bxe3 Qc7 22. Ra7 Qc8 23. Bd4 Ra8 24. Rfa1 Qc4 25. Qd1 Rxa7 26. Rxa7 Rb8 27. Qa1
Qc8 28. Ra2 f5 29. Nd5 Kf8 30. Ba7 Bxd5 31. exd5 Rb3 32. Bd4 Nd3 33. Be3 Qb7
34. Ra7 Qb5 35. Bg5 Rxb2 36. Bxe7+ Kg8 37. Bxd6 Bxc3 38. Ra8+ Kf7 39. Rb8 Qd7
40. Rf8+ Kg7 41. Qa3 Rc2 42. Ra8 Kh6 43. Bf8+ Bg7 44. Qxd3 1-0

[Event "C.to Europeo U14 femminile"]
[Site "Fermo ITA"]
[Date "2009.09.04"]
[Round "5"]
[White "Efroimski, Marsel"]
[Black "Lach, Aleksandra"]
[Result "1/2-1/2"]
[WhiteElo "2066"]
[BlackElo "2069"]
[PlyCount "56"]
[EventDate "2009.08.31"]

1. e4 c6 2. d4 d5 3. e5 c5 4. dxc5 Nc6 5. Nf3 Bg4 6. h3 Bxf3 7. Qxf3 e6 8. Bb5
Bxc5 9. Be3 Qa5+ 10. Nc3 Bxe3 11. Bxc6+ bxc6 12. Qxe3 Rd8 13. O-O Ne7 14. Ne2
Nf5 15. Qc3 Qxc3 16. bxc3 Kd7 17. Rfb1 Kc7 18. Nc1 f6 19. Nd3 fxe5 20. Nxe5 Nd6
21. Rb4 Rb8 22. Ra4 Nc8 23. Re1 Re8 24. c4 Rb2 25. Ra6 Rb6 26. Ra5 Rb2 27. Ra6
Rb6 28. Ra5 Rb2 1/2-1/2